000 00930nas a2200313 4500
001 BR0004038
003 BR-BrBNA
005 20231205102000.0
007 ta
008 230509b bl.|||p| |||| 00| 00por d
040 _aBR-BrBNA
_bpor
_cBiblioteca Nacional de Agricultura
041 _a(Pt)
072 _aH20
100 1 _aLopes, C.A.
100 1 _aRitschel, P.S.
100 1 _aVieira, J.V.
100 1 _aLima, D.B.
245 1 _aComportamento de genotipos de cenoura para verao em localidades com diferentes etiologias da queima-das-folhas
650 _aCenoura
650 _aVariedade
650 _aQueima da Folha
650 _aInfeccao
650 _aVariedade Resistente
650 _aGenotipo
650 _aDistrito Federal
773 0 _tHorticultura Brasileira (Brazil)
_xISSN 0102-0536
_g(Jul 2000), v. 18(2) p. 119-122
_wBR0004038
909 _a202311
_bLúcia
_c55
_dLúcia Elande
942 _2AGRIS
_n0
_cANA
999 _c165084
_d165084